Дело по отношению начальника Главного штаба его императорского величества с препровождением записки титулярного советника Петухо...

Доступно только в Электронных читальных залах Найти на картеНа карте
RUSMARC
00003680nmc2a2200000 x 450
001ec0f0d22-dadd-4e9d-be6a-148ce9e560b1
00520160315205111.0
100##$a20150921l18271827k l0rusy0189 ca
1010#$arus
102##$aRU
2001#$aДело по отношению начальника Главного штаба его императорского величества с препровождением записки титулярного советника Петухова, заключающей в себе мнение его об убытках правительства от раздачи почтовых станций в содержание целыми губерниями, уездами и участками
$j7-31 января 1827 г.
251##$cДело
300##$aДело
801#0$aRU
$bРГИА
$c20150921
$gRCR
801#1$aRU
$bГлавНИВЦ
$c20150921
$2rusmarc
801#2$aRU
$bПБ им. Б.Н. Ельцина
$c20160315
$gRCR
$2rusmarc
850##$aРГИА
852##$aРГИА
$eФедеральное казенное учреждение "Российский государственный исторический архив" (РГИА)
$j390
937##$hРГИА
$d12156614
$aASBIBLIO_SCAN
462#0$10017fd3927d-4299-432a-b013-26f3e840c420
$12001
$a1826-1829 гг. Дела Департамента полиции исполнительной МВД за 1827 г.
$1251
$cОпись
$1852
$j4
461#0$10013e300ed0-cd39-49af-8489-5ba5b90fa401
$12001
$aДепартамент полиции исполнительной МВД
$1251
$cФонд
$1852
$j1286
215##$a10 л.
$d36,5х26 см
371##$aДокумент не является опубликованным и широко распространяемым
105##$ay###
1222#$ad
035##$aec0f0d22-dadd-4e9d-be6a-148ce9e560b1
Формат отображения